TV Shows Cut Off at 'C' Quiz Stats

 Plays Quiz Updated Jan 7, 2019

Support Sporcle.
Go Orange.
Score 0/24 Timer 06:00
1 Play Today
Cut Off At 'C' TV Show % Correct
I LOVE LUCY
96.5%
MIAMI VICE
96.3%
STARSKY AND HUTCH
95.6%
PARKS AND RECREATION
94.7%
XENA: WARRIOR PRINCESS
94.6%
DAWSON'SCREEK
94.3%
MARRIED WITHCHILDREN
94.2%
BATTLESTAR GALACTICA
93.4%
THREE'SCOMPANY
92.2%
FELIX THECAT
91.2%
ALL MYCHILDREN
91.1%
3RD ROCK FROM THE SUN
89.2%
Cut Off At 'C' TV Show % Correct
BILL NYE, THE SCIENCE GUY
88.9%
THE ODDCOUPLE
88.6%
I'VE GOT A SECRET
84.8%
BEAT THECLOCK
81.8%
THE MAN FROM U.N.C.L.E.
81.7%
TALES FROM THECRYPT
79.6%
MADAM SECRETARY
77.9%
JOANIE LOVESCHACHI
74.5%
WKRP INCINCINNATI
70.8%
TRUTH ORCONSEQUENCES
62.8%
LOVE, AMERICAN STYLE
57.2%
THE REAL MCCOYS
50.5%

From the Vault

Movie Word Quintets

by Larryholmes79

Movies 8m
Why the word 'Quintet'? Because it's fun to say. Come on, say it with us... Quintet.
Remove Ads.
Support Sporcle.
Get the best of Sporcle when you Go Orange. This ad-free experience offers more features, more stats, and more fun while also helping to support Sporcle. Thank you for becoming a member.

Show Comments

Extras

Top Quizzes Today


Score Distribution

Your Account Isn't Verified!

In order to create a playlist on Sporcle, you need to verify the email address you used during registration. Go to your Sporcle Settings to finish the process.

Report this User

Report this user for behavior that violates our Community Guidelines.

Details: